000 00476nam a2200193 a 4500
001 1768117515689
003 YourLibrary
005 20260112125814.0
008 260111s1995##################000#0#eng##
020 _a9780679742852
082 0 4 _a302.2242
_bSAN
100 1 _aSanders, Barry,
_eauthor.
245 1 0 _aA Is for Ox :
260 _bVintage,
_c1995.
300 _a292 pages
650 0 _aPsychology.
942 _cENGLISH
040 _aYourLibrary
_beng
_cYourLibrary
999 _c608263
_d608263